Diccionario ilustrado de las ciencias y la tecnologia / (Registro nro. 3071)

Detalles MARC
000 -LEADER
fixed length control field 00642nam a2200193 a 4500
008 - CAMPO DE CONTROL (LIBRO)
fixed length control field 200219e2005 sp ||||| |||| 00| 0 spa d
020 ## - INTERNATIONAL STANDARD BOOK NUMBER
ISBN 8449428661
041 ## - CODIGO DE IDIOMA
Código de idioma del texto/pista de sonido o título separado spa
092 ## - SIGNATURA TOPOGRAFICA DEWEY LOCAL
número de clasificación 403
libristica 16
sección DIC
100 1# - ENTRADA PRINCIPAL--NOMBRE PERSONAL
Nombre personal Gispert, Carlos
Función Dir.
9 (RLIN) 4111
245 ## - TITULO PROPIAMENTE DICHO
Título Diccionario ilustrado de las ciencias y la tecnologia /
Mención de responsabilidad y remanente de la transcripción de la portada Carlos Gispert
250 ## - MENCION DE EDICION
Mención de edición 1a ed.
260 ## - PIE DE IMPRENTA
Lugar de publicación, distribución, etc Barcelona:
Nombre de la editorial, distribuidor, etc Océano;
Fecha de publicación 2005.
300 ## - DESCRIPCION FISICA
Extension 735 p.
Otros detalles físicos Incluye CD-Rom
500 ## - NOTA GENERAL
Nota general Gispert, C. (Dir.). (2005). Diccionario Ilustrado de las ciencias y la tecnología. (1a ed.). Barcelona : Océano ; Mosby.
590 ## - NOTAS LOCALES (RLIN)
Nota local Donacion 2020
653 ## - TÉRMINO INDIZADO - PALABRAS CLAVES
Palabra clave Diccionario
942 ## - ADDED ENTRY ELEMENTS (KOHA)
Source of classification or shelving scheme Dewey Decimal Classification
Item type Libros
Existencias
Estado de retiro Existencia Fuente de clasificación Estado general No para prestamo Ubicación permanente ubicación actual Sala de ubicación Fecha de adquisición Fuente de adquisición Total Checkouts Número de clasificación Código de barras Date last seen Número de ejemplar Price effective from Koha tipo de elemento (item) Public note
    Dewey Decimal Classification     Biblioteca Medicina Biblioteca Medicina Circulación 19/02/2020 Donacion   403 16 DIC 4617 19/02/2020 Ej. 1 19/02/2020 Libros Donacion 2020

UNIVERSIDAD NACIONAL DEL COMAHUE
Biblioteca de la Facultad de Ciencias Médicas
Sede Toschi: Los Arrayanes y Av. Toschi, Cipolletti  - Rio Negro
Sede Los Tordos:  Yrigoyen al 2211, Cipolletti - Rio Negro 

Teléfono: 0299 - 4774707 int 25
Contacto: biblioteca@facimed.uncoma.edu.ar
© 2011 - 2026